000 00659nam a2200217 a 4500
999 _c3040
_d3040
001 3040
003 BD-JhCC
005 20171109171702.0
008 171109s1965 bg |||| |||| 000 0 ben d
035 _a(BD-JhCC) 3040
040 _aBD-JhCC
_dBD-JhCC
041 _aben
082 _a891.442
_bRAS 1965
100 _aরশীদ, আ.ন.ম. বজলুর
245 _aসংযুক্তা /
_c আ.ন.ম. বজলুর রশীদ
260 _aঢাকা :
_bবাঙলা একাডেমী,
_c১৯৬৫.
300 _a১১২ পৃ. :
_c২১ সেমি.
650 _aBengali drama
942 _2ddc
_cBK